Macbeth Quotes 2 - Statistics

General Stats
  • This quiz has been taken 196 times
  • The average score is 1 of 6
Answer Stats
Hint Answer % Correct
fair is foul, and foul is fair
100%
is this a dagger which I see before me, the handle toward my hand?
2%
I dare do all that may become a man; who dares do more is none.
1%
Come, you spirits that tend on mortal thoughts, unsex me here and fill me from the crown to the toe topfull of direst cruelty
1%
Be innocent of the knowledge, dearest chuck, til thou applaud the deed.’
0%
Life’s but a walking shadow, a poor player that struts and frets his hour upon the stage and then is heard no more. It is a tale told by an idiot, full of sound and fury, signifiying nothing.
0%
No matching quizzes found
Score Distribution
Percent of People with Each Score
Percentile by Number Answered
Your Score History
You have not taken this quiz